000 01351nam a22003257a 4500
001 471
003 OSt
005 20250902095518.0
008 250902b |||||||g |||| 00| 1 eng d
020 _a9788506065785
040 _bpor
041 1 _apor
_heng
082 0 4 _a028.5
_bA757c
100 1 _aArnold, Nick.
_91012
240 0 0 _aChemical chaos.
245 1 0 _aCaos químico /
_cNick Arnold ; ilustrado por Tony De Saulles ; [tradução de Antonio Carlos Vilela].
250 _a2. ed. -
260 _aSão Paulo :
_bMelhoramentos,
_c2011
300 _a158p. :
_bil. ;
520 _aO lado fascinante ( e nojento ) da ciência! Caos Químico pode explodir seu cérebro! Você está ardendo de curiosidade para saber: Por quê os vidros são na verdade, líquidos? O que produziria o maio mau cheiro do mundo? Como fazer sua própria pasta de dente? Se você acha que tem estômago para agüentar o lado nojento da ciência, veja o caos químico sendo colocado à prova. A ciência nunca foi tão horrível.
650 0 _aLiteratura Inglesa
_989
650 0 _aInfantojuvenil
_9200
650 0 _aQuimica
_91017
655 0 _aRomance
_923
655 0 _aFicção
_922
700 1 _aDe Saulles, Tony.
_eILUSTRADOR
_91014
700 _a Vilela, Antônio Carlos.
_eTradutor
_d1966-
_91015
830 _aSaber horrível
_91013
942 _2ddc
_n0
_cBK
999 _c471
_d471